Law of insolvency in india (Record no. 1130756)

MARC details
000 -LEADER
fixed length control field 00743nam a2200241Ia 4500
003 - CONTROL NUMBER IDENTIFIER
control field OSt
005 - DATE AND TIME OF LATEST TRANSACTION
control field 20221007063231.0
008 - FIXED-LENGTH DATA ELEMENTS--GENERAL INFORMATION
fixed length control field 221006b |||||||| |||| 00| 0 eng d
037 ## - SOURCE OF ACQUISITION
Terms of availability Textual
040 ## - CATALOGING SOURCE
Original cataloging agency FLL
Transcribing agency FLL
Language of cataloging eng
041 ## - LANGUAGE CODE
Source of code eng
Language code of text/sound track or separate title eng
100 ## - MAIN ENTRY--PERSONAL NAME
Personal name Gangal J.D. Au.
9 (RLIN) 683941
245 #0 - TITLE STATEMENT
Title Law of insolvency in india
Remainder of title The presidency towns insolvecny act - 1909 and provincial insolvency act, 1920
250 ## - EDITION STATEMENT
Edition statement 1st
260 ## - PUBLICATION, DISTRIBUTION, ETC.
Place of publication, distribution, etc. Bombay
Name of publisher, distributor, etc. New Literature Publishing Company India
Date of publication, distribution, etc. 1969
650 ## - SUBJECT ADDED ENTRY--TOPICAL TERM
Topical term or geographic name entry element Law of insolvency in india
9 (RLIN) 681534
942 ## - ADDED ENTRY ELEMENTS (KOHA)
Classification part Z2:166, K9
Koha item type Textual
Source of classification or shelving scheme Colon Classification (CC)
Holdings
Withdrawn status Lost status Source of classification or shelving scheme Damaged status Not for loan Home library Current library Date acquired Total Checkouts Full call number Barcode Date last seen Price effective from Koha item type
    Colon Classification (CC)     Faculty of Law Library Faculty of Law Library 2022-10-07   Z2:166 K9 LL0364077 2022-10-07 2022-10-07 Textual
Copyright @ Delhi University Library System